| 000 | 00701nam a2200253Ia 4500 | ||
|---|---|---|---|
| 005 | 20260429112222.0 | ||
| 008 | 260429s9999||||xx |||||||||||||| ||und|| | ||
| 020 | _a9789388960724 | ||
| 041 | _aEnglish | ||
| 082 |
_a121.0954 _bMOH |
||
| 100 | _aMohapatra, Manjula Manjari | ||
| 245 | 0 |
_aIndian knowledge systems : _bscience and technology / _cManjula Manjari Mohapatra |
|
| 250 | _a1st ed. | ||
| 260 |
_aNew Delhi : _bAvon Publications, _c2025. |
||
| 300 | _aix, 287 p.; hb | ||
| 650 | _a Epistemology | ||
| 650 | _a India | ||
| 650 | _a Knowledge | ||
| 650 | _a Science | ||
| 650 | _aPhilosophy | ||
| 700 | _a Acharya, Prasanta Kumar | ||
| 700 | _a Jena, Sudhir Kumar | ||
| 942 | _cTB | ||
| 999 |
_c52954 _d52954 |
||